| 000 | 00505nam a2200181Ia 4500 | ||
|---|---|---|---|
| 001 | 9163 | ||
| 005 | 20260306160703.0 | ||
| 008 | 260306t2006||||xx |||||||||||||| ||spa|| | ||
| 041 | _aESP | ||
| 082 |
_a373.85 _bCH532 |
||
| 100 |
_aChávez García, Teresa _eAUT |
||
| 245 | 0 | _aLa enseñanza de la historia del Perú en la educación secundaria durante la segunda mitad del siglo XX | |
| 260 | _c2006 | ||
| 300 |
_a211 páginas : _c20 cm. |
||
| 650 | _aGEN | ||
| 654 | _aCED | ||
| 942 |
_cLIB _dJUS _fJUS _2ddc _n |
||
| 999 |
_c9163 _d9163 |
||